| 000 | 01342nam a2200361 c 4500 | ||
|---|---|---|---|
| 003 | BLK | ||
| 005 | 20250728115034.0 | ||
| 008 | 180407b bul|||||r ||||||| ||bul|| | ||
| 010 | _aKNG00034292000 | ||
| 020 | _a954-657-345-0 | ||
| 040 | _aBLK | ||
| 041 |
_aBUL _cBUL |
||
| 080 |
_aАмериканска литература (на САЩ) _b821.111(73) _x-312.4 _z821.111(73)-312.4 |
||
| 100 | 1 |
_aДийвър, Джефри _eпърви автор _961399 |
|
| 139 |
_aДивър, Джефри Уилдс _bД 53 |
||
| 245 | 1 | 0 |
_aТанцьорът _bРоман _cДжефри Дийвър; * Джефри Уилдс Дивър; прев. Атанас Найденов. |
| 257 | _aUSA | ||
| 260 |
_aСофия _bПан _c2000 _fСофия : Балкан прес |
||
| 300 |
_a480 с. _c20 см |
||
| 380 | _aX | ||
| 500 | _aАвт. е известен като Джефри Уилдс Дивър. - Ориг. загл. The Coffin Dancer. | ||
| 653 | _aкрими | ||
| 653 | _aромани | ||
| 700 | 1 |
_aДивър, Джефри Уилдс _e* _9366681 |
|
| 700 | 1 |
_aНайденов, Атанас _eпрев. _9366682 |
|
| 852 | _aЦб 206549 | ||
| 856 | 4 | _qpdf | |
| 856 | 4 | _qpdf | |
| 942 |
_cKNG _n0 _023 |
||
| 944 |
_aCR _c15.01.2003 _lЦветомила Тодорова _k30576 |
||
| 944 |
_aED _c11.12.2013 _lф / |
||
| 999 |
_c31634 _d31634 |
||
| 999 | _d31634 | ||